03610 2201753 4500001002100000005001500021035002000036008004100056245006800097100001900165250000600184260003400190300001200224084001400236082000800250650001400258990001200272990001200284990001200296990001200308990001200320990001200332990001200344990001200356990001200368990001200380990001200392990001200404990001200416990001200428990001200440990001200452990001200464990001200476990001200488990001200500990001200512990001200524990001200536990001200548990001200560990001200572990001200584990001200596990001200608990001200620990001200632990001200644990001200656990001200668990001200680990001200692990001200704990001200716990001200728990001200740990001200752990001200764990001200776990001200788990001200800990001200812990001200824990001200836990001200848990001200860990001200872990001200884990001200896990001200908990001200920990001200932990001200944990001200956990001200968990001200980990001200992990001201004990001201016990001201028990001201040990001201052990001201064990001201076990001201088990001201100990001201112990001201124990001201136990001201148990001201160990001201172990001201184990001201196990001201208990001201220990001201232990001201244990001201256990001201268990001201280990001201292990001201304990001201316990001201328990001201340990001201352990001201364990001201376990001201388990001201400990001201412990001201424990001201436990001201448990001201460990001201472990001201484990001201496990001201508990001201520990001201532990001201544990001201556990001201568990001201580990001201592990001201604990001201616990001201628990001201640990001201652990001201664990001201676990001201688990001201700990001201712990001201724990001201736990001201748990001201760990001201772990001201784990001201796990001201808990001201820990001201832990001201844INLIS00000000000013220240502110236 a0010-0424000108240502 0 ind 1 aBuku Siswa Kimia 3 Peminatan ( Edisi Revisi ) /cSentot Budi R. aBudi R, Sentot a1 aSolo :bTiga Serangkai,c2016 a292 hlm a540 SEN k a540 4aNon Fiksi a0736736 a0736737 a0736738 a0736739 a0736740 a0736741 a0736742 a0736743 a0736744 a0736745 a0736746 a0736747 a0736748 a0736749 a0736750 a0736751 a0736752 a0736753 a0736754 a0736755 a0736756 a0736757 a0736758 a0736759 a0736760 a0736761 a0736762 a0736763 a0736764 a0736765 a0736766 a0736767 a0736768 a0736769 a0736770 a0736771 a0736772 a0736773 a0736774 a0736775 a0736776 a0736777 a0736778 a0736779 a0736780 a0736781 a0736782 a0736783 a0736784 a0736785 a0736786 a0736787 a0736788 a0736789 a0736790 a0736791 a0736792 a0736793 a0736794 a0736795 a0736796 a0736797 a0736798 a0736799 a0736800 a0736801 a0736802 a0736803 a0736804 a0736805 a0736806 a0736807 a0736808 a0736809 a0736810 a0736811 a0736812 a0736813 a0736814 a0736815 a0736816 a0736817 a0736818 a0736819 a0736820 a0736821 a0736822 a0736823 a0736824 a0736825 a0736826 a0736827 a0736828 a0736829 a0736830 a0736831 a0736832 a0736833 a0736834 a0736835 a0736836 a0736837 a0736838 a0736839 a0736840 a0736841 a0736842 a0736843 a0736844 a0736845 a0736846 a0736847 a0736848 a0736849 a0736850 a0736851 a0736852 a0736853 a0736854 a0736855 a0736856 a0736857 a0736858 a0736859 a0736860 a0736861 a0736862 a0736863 a0736864 a0736865 a0736866 a0736867